Battery-related injuries in children and adults

Saved in:  
Bibliographic Details
Authors: Zimmermann, Jacqueline 1980- (Author) ; Crump, Caroline (Author) ; King, Danielle (Author)
Format: Electronic Article
Language:English
Published: 2020
In:Enthalten in: Proceedings of the 2020 HFES 64th International Annual Meeting 64 (2020), 1, Seite 1665-1670
Online Access: Volltext (lizenzpflichtig)
Check availability: HBZ Gateway
Keywords:

MARC

LEADER 00000caa a22000002c 4500
001 1912466465
003 DE-627
005 20250113054930.0
007 cr uuu---uuuuu
008 241217s2020 xx |||||o 00| ||eng c
024 7 |a 10.1177/1071181320641405  |2 doi 
035 |a (DE-627)1912466465 
035 |a (DE-599)KXP1912466465 
040 |a DE-627  |b ger  |c DE-627  |e rda 
041 |a eng 
084 |a 2,1  |2 ssgn 
100 1 |a Zimmermann, Jacqueline  |d 1980-  |e VerfasserIn  |0 (DE-588)102558645X  |0 (DE-627)723280037  |0 (DE-576)370529766  |4 aut 
109 |a Zimmermann, Jacqueline 1980- 
245 1 0 |a Battery-related injuries in children and adults 
264 1 |c 2020 
336 |a Text  |b txt  |2 rdacontent 
337 |a Computermedien  |b c  |2 rdamedia 
338 |a Online-Ressource  |b cr  |2 rdacarrier 
655 4 |a Konferenzschrift ; 2020 
700 1 |a Crump, Caroline  |e VerfasserIn  |4 aut 
700 1 |a King, Danielle  |e VerfasserIn  |4 aut 
773 0 8 |i Enthalten in  |t Proceedings of the 2020 HFES 64th International Annual Meeting  |g 64 (2020), 1, Seite 1665-1670 
787 0 8 |i Forschungsdaten  |a United States Department of Health and Human Services. Centers for Disease Control and Prevention. National Center for Injury Prevention and Control  |t National Electronic Injury Surveillance System All Injury Program, 2017  |d [Erscheinungsort nicht ermittelbar] : [Verlag nicht ermittelbar], 2021  |w (DE-627)1840037776 
787 0 8 |i Forschungsdaten  |a United States Department of Health and Human Services. Centers for Disease Control and Prevention. National Center for Injury Prevention and Control  |t National Electronic Injury Surveillance System All Injury Program, 2016  |d [Erscheinungsort nicht ermittelbar] : [Verlag nicht ermittelbar], 2020  |w (DE-627)1840039027 
787 0 8 |i Forschungsdaten  |a United States Department of Health and Human Services. Centers for Disease Control and Prevention. National Center for Injury Prevention and Control  |t National Electronic Injury Surveillance System All Injury Program, 2015  |d [Erscheinungsort nicht ermittelbar] : [Verlag nicht ermittelbar], 2019  |w (DE-627)1840040777 
787 0 8 |i Forschungsdaten  |a United States Department of Health and Human Services. Centers for Disease Control and Prevention. National Center for Injury Prevention and Control  |t National Electronic Injury Surveillance System - All Injury Program, (United States), 2014  |d [Erscheinungsort nicht ermittelbar] : [Verlag nicht ermittelbar], 2018  |w (DE-627)1840041587 
856 4 0 |u https://doi.org/10.1177/1071181320641405  |x Resolving-System  |z lizenzpflichtig  |3 Volltext  |7 1 
935 |a mkri 
951 |a AR 
ELC |a 1 
LOK |0 000 xxxxxcx a22 zn 4500 
LOK |0 001 4637431956 
LOK |0 003 DE-627 
LOK |0 004 1912466465 
LOK |0 005 20241217044158 
LOK |0 008 241217||||||||||||||||ger||||||| 
LOK |0 035   |a (DE-2619)ICPSR153955 
LOK |0 040   |a DE-2619  |c DE-627  |d DE-2619 
LOK |0 092   |o n 
LOK |0 852   |a DE-2619 
LOK |0 852 1  |9 00 
LOK |0 935   |a uvkn  |a nacp 
LOK |0 939   |a 17-12-24  |b l01 
ORI |a SA-MARC-krimdoka001.raw